000 01440nam0a2200349 4500
001 RU\NLR\bibl\895400
005 20260406111050.0
010 _a5-7905-3963-7
_97000
021 _aRU
_b2005-70065
_93450
035 _a(nilc)RSL-KNO-002763612
035 _a(NLR Aleph) 000883870
090 _a1675975
_c1675975
100 _a20051031d2005 |||y0rusy50 ca
101 0 _arus
102 _aRU
105 _aa |||||||||
106 _ar
200 1 _aИзделия из бисера
_eукрашения, игрушки, фенечки
_fС. Хворостухина
210 _aМ.
_cРИПОЛ КЛАССИК
_d2005
_eН.Новгород
_gГИПП Нижполиграф
215 _a251, [1] с., [2] л. цв. ил.
_cил.
_d21
225 1 _aСерия "Советы для дома"
606 1 _aПлетение из бисера
_92080103
_3RU\NLR\auth\661256017
610 0 _aПроизводства легкой промышленности -- Швейное производство -- Рукоделие -- Плетение -- Популярные издания
686 _aМ484я9
_2rubbk
686 _aМ484
700 1 _4070
_8rus
_7ca
_aХворостухина
_bС. А.
_gСветлана Александровна
_3RU\NLR\auth\77116029
_998954
801 0 _aRU
_bRuMoRKP
_c20051031
_grcr
801 1 _aRU
_bRuMoRGB
_c20051031
801 2 _aRU
_bNLR
_c20060110
_grcr
942 _cBOOK
980 _aNB